000 00546nam a22001815i 4500
001 171870
003 ES-MaACL
005 20230906214743.0
008 090604s1974 sp |||| | spa d
080 _a929 Solzhenitsyn, Aleksandr
100 1 _aSolzhenitsyn, Aleksandr Isaevich.
_9107256
245 1 0 _aSoljenitsin /
_c[traducción de Juan Moreno].
260 _a[Barcelona] :
_bPlaza Janés,
_c[1974]
300 _a88 p. :
_bil. ;
_c22 cm.
700 1 _aMoreno, Juan.
_9182367
852 _aES-MaACL
_jE-6632
_9R.90806
999 _c171870
_d171870